书目信息 |
| 题名: |
导购应该这样管
|
|
| 作者: | 欧阳海淼 著 | |
| 分册: | ||
| 出版信息: | 北京 机械工业出版社 2012.4 |
|
| 页数: | 186页 | |
| 开本: | 24m | |
| 丛书名: | ||
| 单 册: | ||
| 中图分类: | F717.5 | |
| 科图分类: | ||
| 主题词: | 服装--商店--商业经营 , 服装 , 商店 , 商业经营 | |
| 电子资源: | ||
| ISBN: | 978-7-111-37964-5 | |
| 000 | 01102nam0 22002771 450 | |
| 001 | 524 | |
| 005 | 20140909100040.56 | |
| 010 | @a978-7-111-37964-5@dCNY36.00 | |
| 100 | @a20120626d2012 em y0chiy50 ea | |
| 101 | 0 | @achi |
| 102 | @aCN@b110000 | |
| 105 | @ay z 000yy | |
| 106 | @ar | |
| 200 | 1 | @a导购应该这样管@ADao Gou Ying Gai Zhe Yang Guan@e最旺服装店导购管理37个疑难问题与实战攻略@EZui Wang Fu Zhuang Dian Dao Gou Guan Li 37 Ge Yi Nan Wen Ti Yu Shi Zhan Gong Lue@f欧阳海淼著@FOu Yang Hai Miao Zhu |
| 210 | @a北京@c机械工业出版社@d2012.4 | |
| 215 | @a186页@d24m | |
| 330 | @a本书分为五章,共37个疑难问题与实战攻略,主要内容包括:导购的负面情绪;完美导购的甄选;导购不“听话”;导购的培养;导购的挽留。 | |
| 517 | 1 | @a最旺服装店导购管理37个疑难问题与实战攻略@AZui Wang Fu Zhuang Dian Dao Gou Guan Li 37Ge Yi Nan Wen Ti Yu Shi Zhan Gong Lue |
| 606 | 0 | @a服装@x商店@x商业经营 |
| 606 | 0 | @a服装 |
| 606 | 0 | @a商店 |
| 606 | 0 | @a商业经营 |
| 690 | @aF717.5@v5 | |
| 701 | 0 | @a欧阳海淼@AOu Yang Hai Miao@g(女)@4著 |
| 801 | 0 | @aCN@bTANGWEI@c20140603 |
| 905 | @b0836286-88@dF717.5@e708@f3 | |
| 导购应该这样管:最旺服装店导购管理37个疑难问题与实战攻略/欧阳海淼著.-北京:机械工业出版社,2012.4 |
| 186页;24m |
| ISBN 978-7-111-37964-5:CNY36.00 |
| 本书分为五章,共37个疑难问题与实战攻略,主要内容包括:导购的负面情绪;完美导购的甄选;导购不“听话”;导购的培养;导购的挽留。 |
| ● |
| 相关链接 |
|
|
|
|
正题名:导购应该这样管
索取号:F717.5/708
 
预约/预借
| 序号 | 登录号 | 条形码 | 馆藏地/架位号 | 状态 | 备注 |
| 1 | 0836286 | 208362868 | 第一样本阅览室/ [索取号:F717.5/708] | 在馆 | |
| 2 | 0836287 | 208362877 | 第一借阅区/ [索取号:F717.5/708] | 在馆 | |
| 3 | 0836288 | 208362886 | 密集书库-海洋学院/ [索取号:F717.5/708] | 在馆 |